000 00282nam a22001337a 4500
008 170907b xxu||||| |||| 00| 0 eng d
020 _a0471867195
041 _aeng
080 _22ND
_a91
100 _a42
101 _aGJEO
245 _aOCEAN SCIENCE
_cSTOWE,K
942 _2udc
_cBK
999 _c26623
_d26623